000 00556nam a2200181 a 4500
005 20140412111330.0
008 030116s19uu xx 00 eng d
020 _a0-307-10100-2
050 _aER
_bPo78ju 1998
100 _aKenneth, Caroline
245 _aPooh just be nice ... to your little friends /
_cby Caroline Kenneth ; illustraed by Phil Ortiz & Josie Yee.
260 _aNew York :
_bA Golden Book,
_c1998.
300 _a1 v. (unp.) ; ill.
440 _aPooh
650 _aFriendship--Fiction
650 _aChildren stories
999 _c104886
_d104886